Balances, weights, and precise laboratory weighing.

Bibliographic Details
Corporate Author: National Physical Laboratory (Great Britain)
Format: Book
Language:English
Published: London : H.M. Stationery Off, 1954.
Series:Notes on applied science (National Physical Laboratory (Great Britain)) ; no. 7.
Subjects:

MARC

Tag First Indicator Second Indicator Subfields
LEADER 00000cam a2200000 4500
001 in00000285366
005 20151010073017.0
008 790509s1954 enka 00000 eng d
010 |a  55020251  
035 |a (OCoLC)04945738 
035 |9 ABF0199AM 
040 |a TXA  |c TXA  |d UtOrBLW 
049 |a TXAM  |c [1000513] 
090 |a QC107  |b .T4 
110 2 |a National Physical Laboratory (Great Britain) 
245 1 0 |a Balances, weights, and precise laboratory weighing. 
264 1 |a London :  |b H.M. Stationery Off,  |c 1954. 
300 |a 45 pages :  |b illustrations ;  |c 25 cm. 
336 |a text  |b txt  |2 rdacontent 
337 |a unmediated  |b n  |2 rdamedia 
338 |a volume  |b nc  |2 rdacarrier 
490 1 |a [Teddington, Eng.] National Physical Laboratory. Notes on applied science,  |v no. 7 
650 0 |a Balances (Weighing instruments) 
650 0 |a Weights and measures. 
650 0 |a Physical measurements. 
830 0 |a Notes on applied science (National Physical Laboratory (Great Britain)) ;  |v no. 7. 
999 |a MARS 
999 f f |s 8c6c34bd-2435-3ff1-a988-0399142b7012  |i 1d84df86-6208-33a6-a06f-88b9d49cab31  |t 0 
952 f f |p ric  |a Texas A&M University  |b Rellis Campus  |c Joint Library Facility  |d Remote Storage  |t 0  |e QC107 .T4  |h Library of Congress classification  |i unmediated -- volume  |m A14804600867 
998 f f |a QC107 .T4  |t 0  |l Remote Storage